| 000 | 01602cam a2200505 a 4500 | ||
|---|---|---|---|
| 001 | 22242 | ||
| 003 | VRT | ||
| 005 | 20260323144219.0 | ||
| 008 | 240318s2015 xo g 000 f slo | ||
| 015 | _aSNBA2015/03 | ||
| 020 |
_a9788081145070 _q(viaz.) |
||
| 035 | _aDBF465E4-9EA1-4FB0-B8A8-CD8A7BFEAED5 | ||
| 035 | _aurn:nbn:sk:snk-amtfz3 | ||
| 035 | _aurn:nbn:sk:snk-am00bc67 | ||
| 039 | 9 |
_a202403182040 _bVLOAD _c202310241422 _dAUTHORITY _c201808141524 _dmbpksh04 _c201711231042 _dVLOAD |
|
| 040 |
_aPOKPOH _bslo _cPOKPOH _dSNK _eAACR2 |
||
| 041 | 0 | _aslo | |
| 044 |
_axo _cSK |
||
| 072 | 7 |
_a821.162.4-3 _xSlovenská próza _2konspekt |
|
| 080 |
_a821.162.4-31 _22011 |
||
| 100 | 1 |
_aHavranová, Ivana, _d1952- _4aut |
|
| 245 | 1 | 0 |
_aTaxikárka _cIvana Havranová |
| 250 | _a1. vyd. | ||
| 260 |
_aBratislava _bMarenčin PT _c2015 |
||
| 300 |
_a221 s. _c21 cm |
||
| 655 | 7 |
_aslovenské romány _2SNKPH |
|
| 655 | 7 |
_aSlovak fiction _2SNKPHeng |
|
| 910 | _apokpoh | ||
| 910 | _apppk | ||
| 910 | _askpk | ||
| 910 | _attkjf | ||
| 910 | _ahevk | ||
| 910 | _asllk | ||
| 910 | _atotk | ||
| 910 | _asnk | ||
| 910 | _abpksh | ||
| 942 |
_2ddc _cKLDO _n0 |
||
| 949 |
_6270001000522056 _asvkbbA 146710 _bsvkbbm 757776 |
||
| 949 |
_617A1174576 _asnkSC 166950 _bsnk2015/31065 _o2312/2015 _s6100:20160323 |
||
| 949 |
_62889308783 _asavukPV 21601 _bsavuk2015/4630 |
||
| 949 |
_617A1177160 _asnkSC 166950 D1 _bsnk2016/525 _o2312/2015 |
||
| 949 |
_6273K0599322 _asvkpoA 228137 _bsvkpo594143 |
||
| 949 |
_63869A14224 _abpksh821.162.4-31 _bbpksh70888 |
||
| 999 |
_c22242 _d22242 |
||